000 00658nam a2200241Ia 4500
003 OSt
005 20220918215012.0
006 a|||||r|||| 00| 0
007 ta
008 220917b |||||||| |||| 00| 0 eng d
024 _a139,712
037 _cTextual
040 _aARTS
_cARTS
_beng
041 _2eng
_aeng
082 _aY:1.654.M9, L7
100 _aEcheruo Michael J C
_954755
245 0 _aVictorian Lagos
_baspects of ninteenth century logas
260 _aLond9on
_bMacmillan
_c1977
300 _a124p.
_ccm.
650 _aSOCIOLOGY
942 _hY:1.654.M9, L7
_cTEXL
_2CC
999 _c262699
_d262699